header

A brief history of nakedness (Record no. 245242)

MARC details
000 -LEADER
fixed length control field 01235nam a2200325 a 4500
100 1# - MAIN ENTRY--AUTHOR NAME
Personal name Carr-Gomm, Philip.
245 12 - TITLE STATEMENT
Title A brief history of nakedness
260 ## - PUBLICATION, DISTRIBUTION, ETC. (IMPRINT)
Place of publication London :
Name of publisher Reaktion Books,
Year of publication 2010.
300 ## - PHYSICAL DESCRIPTION
Number of Pages 286 p. :
Other physical details ill.
650 #0 - SUBJECT ADDED ENTRY--TOPICAL TERM
Topical Term Nudity
Topical Term Nudity
Topical Term Nudity
Topical Term Nudity in literature.
Topical Term Nudity in the performing arts.
856 40 - ELECTRONIC LOCATION AND ACCESS
Uniform Resource Identifier http://site.ebrary.com/lib/rucke/Doc?id=10538335

No items available.

© 2026 Rongo University
Contact us: librarian | system librarian | Rongo university